Một trăm sự kiện nổi bật thời gian 1975 - 2005 ở thành phố Hồ Chí Minh
Sách cung cấp những thông tin cần thiết giúp người đọc có một cái nhìn tổng quát về truyền thống lịch sử, văn hoá các khuynh hướng và động thái kinh tế - xã hội hiện tại ở thành phố Hồ Chí Minh...
Đã lưu trong:
| 主要作者: | |
|---|---|
| 格式: | 圖書 |
| 語言: | Undetermined |
| 出版: |
Thành phố Hồ Chí Minh
Tổng hợp Thành phố Hồ Chí Minh,Văn hoá Sài gòn
2007
|
| 主題: | |
| 標簽: |
添加標簽
沒有標簽, 成為第一個標記此記錄!
|
| Thư viện lưu trữ: | Trung tâm Học liệu Trường Đại học Cần Thơ |
|---|
| LEADER | 01092nam a2200229Ia 4500 | ||
|---|---|---|---|
| 001 | CTU_132370 | ||
| 008 | 210402s9999 xx 000 0 und d | ||
| 020 | |c 82000 | ||
| 082 | |a 959.7044 | ||
| 082 | |b Ph561 | ||
| 100 | |a Trần, Thanh Phương | ||
| 245 | 0 | |a Một trăm sự kiện nổi bật thời gian 1975 - 2005 ở thành phố Hồ Chí Minh | |
| 245 | 0 | |c Trần Thanh Phương | |
| 260 | |a Thành phố Hồ Chí Minh | ||
| 260 | |b Tổng hợp Thành phố Hồ Chí Minh,Văn hoá Sài gòn | ||
| 260 | |c 2007 | ||
| 520 | |a Sách cung cấp những thông tin cần thiết giúp người đọc có một cái nhìn tổng quát về truyền thống lịch sử, văn hoá các khuynh hướng và động thái kinh tế - xã hội hiện tại ở thành phố Hồ Chí Minh | ||
| 650 | |a History,Lịch sử | ||
| 650 | |y 20th century | ||
| 650 | |z Vietnam,Việt Nam | ||
| 904 | |i Trọng Hải | ||
| 980 | |a Trung tâm Học liệu Trường Đại học Cần Thơ | ||